Konjunkturálne prieskumy Priemysel. Stavebníctvo. Obchod. Služby
Gespeichert in:
| Format: | Schriftenreihe |
|---|---|
| Sprache: | Slowakisch |
| Veröffentlicht: |
Bratislava
Štatistický úrad Slovenskej republiky
|
| Schlagworte: | |
| Tags: |
Keine Tags, Fügen Sie das erste Tag hinzu!
|
MARC
| LEADER | 00000nas1a2200000 4500 | ||
|---|---|---|---|
| 001 | s124273 | ||
| 005 | 20250827114421.8 | ||
| 041 | 0 | |a slo | |
| 044 | |a SK | ||
| 245 | 1 | 0 | |a Konjunkturálne prieskumy |b Priemysel. Stavebníctvo. Obchod. Služby |
| 264 | 1 | |a Bratislava |b Štatistický úrad Slovenskej republiky | |
| 500 | |a Súčasť publikácie Spotrebiteľský barometer | ||
| 610 | 2 | 0 | |a konjunktúra |
| 610 | 2 | 0 | |a prieskum konjunktúrny |
| 610 | 2 | 0 | |a Slovensko |